[Event "Central Region-ch U12"]
[White "Ossa, Juan Esteban"]
[Black "Abril Bernal, Cristian Andres"]
[Site "Manizales"]
[Round "1.6"]
[Result "0-1"]
[Date "2014.05.15"]
[WhiteElo "1341"]
[BlackElo "1463"]
[PlyCount "56"]
[EventDate "2014.05.15"]
[EventType "swiss"]
[EventRounds "6"]
[EventCountry "COL"]
[SourceTitle "EXT 2024"]
[Source "ChessBase"]
[SourceDate "2023.10.10"]
[SourceVersion "1"]
[SourceVersionDate "2023.10.10"]
[SourceQuality "1"]

1. e4 e5 2. Nf3 d6 3. Nc3 Nf6 4. d3 h6 5. Be3 Bg4 6. Be2 Be7 7. h3 Bh5 8. 0-0 0-0 9. Re1 d5 10. Nxe5 Bxe2 11. Qxe2 d4 12. Qd2 dxc3 13. Qxc3 Nbd7 14. Bf4 Nxe5 15. Bxe5 c6 16. Rad1 a5 17. d4 Bb4 18. Bxf6 Bxc3 19. Bxd8 Bxe1 20. Rxe1 Raxd8 21. c3 Rfe8 22. f3 f5 23. a3 fxe4 24. fxe4 Rd6 25. e5 Rde6 26. Rf1 c5 27. Rf3 Rd8 28. Rd3 Rd7 0-1

[Event "Risaralda Province-ch"]
[White "Ossa, Juan Esteban"]
[Black "Sanchez Bonilla, John Henry"]
[Site "Pereira"]
[Round "4"]
[Result "0-1"]
[Date "2013.11.30"]
[WhiteElo "1342"]
[BlackElo "1646"]
[PlyCount "74"]
[EventDate "2013.11.27"]
[EventType "swiss"]
[EventRounds "7"]
[EventCountry "COL"]
[SourceTitle "EXT 2018"]
[Source "ChessBase"]
[SourceDate "2017.10.13"]
[SourceVersion "1"]
[SourceVersionDate "2017.10.13"]
[SourceQuality "1"]

1. e4 e6 2. d4 d5 3. e5 c5 4. Nf3 Qb6 5. c3 Nc6 6. b3 Bd7 7. Be3 Nh6 8. Be2 Nf5 9. 0-0 Be7 10. Qd2 h6 11. Rd1 cxd4 12. cxd4 Bb4 13. Nc3 Rc8 14. Rac1 Nxe3 15. Qxe3 0-0 16. h3 a6 17. Rd3 Ne7 18. Bd1 Qa5 19. Qd2 Bb5 20. Re3 Nf5 21. a3 Nxe3 22. axb4 Qxb4 23. Qxe3 Rc6 24. Ne2 Bxe2 25. Bxe2 Rxc1+ 26. Qxc1 Qxb3 27. Bd1 Qb4 28. Qc7 a5 29. Qd7 b5 30. Qc6 Qb2 31. Bc2 a4 32. Bd3 a3 33. Qa6 b4 34. Qa4 b3 35. Qb4 a2 36. Qe1 a1Q 37. Qxa1 Qxa1+ 0-1